Oesterreichische Medicinische Wochenschrift 1841. Drittes Quartal (Nr. 27-39.)
Elmentve itt :
| Dokumentumtípus: | Folyóirat |
|---|---|
| Megjelent: |
1841
|
| Sorozat: | Oesterreichische Medicinische Wochenschrift
3 No. 27-39 |
| Online Access: | http://misc.bibl.u-szeged.hu/45819 |
| LEADER | 00533nas a2200133 i 4500 | ||
|---|---|---|---|
| 001 | misc45819 | ||
| 005 | 20191106144426.0 | ||
| 008 | 190128s1841 hu o 0|| zxx d | ||
| 040 | |a SZTE Miscellanea Repozitórium |b hun | ||
| 041 | |a zxx | ||
| 245 | 0 | 0 | |a Oesterreichische Medicinische Wochenschrift 1841. Drittes Quartal (Nr. 27-39.) |h [elektronikus dokumentum] |
| 260 | |c 1841 | ||
| 490 | 0 | |a Oesterreichische Medicinische Wochenschrift |v 3 No. 27-39 | |
| 856 | 4 | 0 | |u http://misc.bibl.u-szeged.hu/45819/1/medicinische_wochenschrift_1841_003.pdf |z Dokumentum-elérés |